000 00501nam a2200205 a 4500
999 _c6808
_d6808
001 6808
003 BD-JhCC
005 20180130182353.0
008 180130s1995 bg |||| |||| 000 0 eng d
035 _a(BD-JhCC)
040 _aBD-JhCC
_dBD-JhCC
041 _aeng
082 _a516.3
_bCHA 1995
100 _aChatterji, P. N.
245 _aCo-ordinate Geometry /
_cP. N. Chatterji
260 _aDhaka:
_bShafi Book Center;
_c1995
300 _a152 p;,
_c22 cm
650 _aGeometry
942 _2ddc
_cBK